000 00435nam a2200145Ia 4500
003 OSt
005 20260114105927.0
008 211028s2012 xx 000 0 und d
040 _cAIMIT LIBRARY
041 _aeng
100 _aD Souza, Joyson; Dhananjaya K.
_g1016019
_96896
245 _aAn analysis of the transportation problem at fr muller homeopathic phamaceutical division /
260 _bDhananjaya K
_c2012
942 _2ddc
_cPRO
999 _c218466
_d218466